| 000 | 01593nam a22003974a 4500 | ||
|---|---|---|---|
| 001 | ebr10178066 | ||
| 003 | CaPaEBR | ||
| 006 | m u | ||
| 007 | cr cn||||||||| | ||
| 008 | 060203s2006 nyua sb 001 0 eng | ||
| 010 | _z 2006003660 | ||
| 015 |
_aGBA646412 _2bnb |
||
| 016 | 7 |
_z013464588 _2Uk |
|
| 020 | _z0765616076 (alk. paper) | ||
| 020 | _z0765616084 (alk. paper) | ||
| 020 | _z9780765616074 (alk. paper) | ||
| 020 | _z9780765616081 (alk. paper) | ||
| 040 |
_aCaPaEBR _cCaPaEBR |
||
| 035 | _a(OCoLC)228172911 | ||
| 050 | 1 | 4 |
_aJF1525.P67 _bB46 2006eb |
| 082 | 0 | 4 |
_a352.3/75 _222 |
| 100 | 1 | _aBerman, Evan M. | |
| 245 | 1 | 0 |
_aPerformance and productivity in public and nonprofit organizations _h[electronic resource] / _cEvan M. Berman. |
| 250 | _a2nd ed. | ||
| 260 |
_aArmonk, N.Y. : _bM.E. Sharpe, Inc., _cc2006. |
||
| 300 |
_axii, 226 p. : _bill. |
||
| 500 | _aRev. ed. of.: Productivity in public and nonprofit organizations, 1998. | ||
| 504 | _aIncludes bibliographical references (p. 207-218) and index. | ||
| 533 |
_aElectronic reproduction. _bPalo Alto, Calif. : _cebrary, _d2013. _nAvailable via World Wide Web. _nAccess may be limited to ebrary affiliated libraries. |
||
| 650 | 0 | _aGovernment productivity. | |
| 650 | 0 |
_aNonprofit organizations _xManagement. |
|
| 655 | 7 |
_aElectronic books. _2local |
|
| 700 | 1 |
_aBerman, Evan M. _tProductivity in public and nonprofit organizations. |
|
| 710 | 2 | _aebrary, Inc. | |
| 856 | 4 | 0 |
_uhttp://site.ebrary.com/lib/rucke/Doc?id=10178066 _zAn electronic book accessible through the World Wide Web; click to view |
| 999 |
_c140635 _d140635 |
||